000 00477nam a2200181Ia 4500
008 190406s9999 xx 000 0 und d
100 _aMurray Z. Frank & Ali Sanati
245 _aHow Does the Stock Market Absorb Shocks?
245 _cMurray Z. Frank & Ali Sanati
260 _bCL
260 _belsevier
260 _c2018
300 _aCL
500 _aJournal of Financial Economics
650 _xNews
650 _xStock Return Predictability
942 _2lcc
_cSE
999 _c361375
_d361375